[Event "18. Copenhagen Open (Politiken Cup)"]
[Site "Brondby"]
[Date "1996.??.??"]
[Round "7"]
[White "Andersen, Preben"]
[Black "Hellstrm, Aake"]
[Result "0-1"]
[WhiteElo "2070"]
[BlackElo "2245"]
[PlyCount "80"]
[EventDate "1996.??.??"]
[EventType "swiss"]
[EventRounds "11"]
[EventCountry "DEN"]
[SourceDate "2004.01.01"]

1. e4 c6 2. d4 d5 3. e5 Bf5 4. Nc3 e6 5. g4 Bg6 6. Nge2 f6 7. f4 Bb4 8. a3 Be4
9. Rg1 Bxc3+ 10. Nxc3 f5 11. Nxe4 fxe4 12. Be3 Ne7 13. Qd2 Nd7 14. O-O-O b5 15.
Bh3 Nb6 16. b3 a5 17. f5 O-O 18. Bg5 Qd7 19. f6 Ng6 20. fxg7 Rf7 21. Rgf1 Rxg7
22. Rf6 a4 23. b4 Nc4 24. Qc3 Ngxe5 25. Bh6 Nf3 26. g5 Re8 27. Bxg7 Qxg7 28.
Rxe6 Qxg5+ 29. Kb1 Rxe6 30. Bxe6+ Kg7 31. Ka2 Qg6 32. Bh3 e3 33. Bf1 Nfd2 34.
Bxc4 Nxc4 35. Re1 Qg2 36. h4 Qf2 37. h5 Kh6 38. Rh1 Qd2 39. Qxd2 exd2 40. Rd1
Kxh5 0-1

[Event "18. Copenhagen Open (Politiken Cup)"]
[Site "Brondby"]
[Date "1996.??.??"]
[Round "7"]
[White "Andersson, Christin"]
[Black "Haapasalo, Jukka Pekka"]
[Result "1-0"]
[WhiteElo "2040"]
[BlackElo "2240"]
[PlyCount "83"]
[EventDate "1996.??.??"]
[EventType "swiss"]
[EventRounds "11"]
[EventCountry "DEN"]
[SourceDate "2004.01.01"]

1. e4 c5 2. Nf3 e6 3. c3 Nf6 4. e5 Nd5 5. d4 cxd4 6. cxd4 b6 7. Bc4 Bb7 8. O-O
Qc7 9. Bxd5 Bxd5 10. Nc3 Qb7 11. Nxd5 Qxd5 12. Be3 Nc6 13. Ng5 Be7 14. Nh3 O-O
15. Nf4 Qe4 16. Re1 Nb4 17. Rc1 Rac8 18. Rxc8 Rxc8 19. h3 d6 20. Qa4 Qb7 21.
Qxb4 dxe5 22. Qd2 exf4 23. Bxf4 Qd5 24. b3 Rd8 25. Be5 f6 26. Bc7 Rd7 27. Qc3
Kf7 28. Bb8 a5 29. Qe3 Bb4 30. Re2 b5 31. Bg3 a4 32. bxa4 bxa4 33. Kh2 a3 34.
Qd3 g6 35. Qe3 Bf8 36. Kh1 Rb7 37. Qc3 Re7 38. Qe3 Rb7 39. Rc2 Rb4 40. Rc7+ Kg8
41. Rc8 Rxd4 42. Qh6 1-0

[Event "18. Copenhagen Open (Politiken Cup)"]
[Site "Brondby"]
[Date "1996.??.??"]
[Round "7"]
[White "Arduman, Can"]
[Black "Tisdall, Jonathan D"]
[Result "0-1"]
[WhiteElo "2410"]
[BlackElo "2510"]
[PlyCount "74"]
[EventDate "1996.??.??"]
[EventType "swiss"]
[EventRounds "11"]
[EventCountry "DEN"]
[SourceDate "2004.01.01"]

1. d4 d5 2. c4 e6 3. Nc3 c6 4. e4 dxe4 5. Nxe4 Bb4+ 6. Bd2 Qxd4 7. Bxb4 Qxe4+
8. Be2 Nd7 9. Qd2 c5 10. Bc3 Ngf6 11. O-O-O O-O 12. Nh3 e5 13. f3 Qh4 14. Qc2
Nb6 15. Bxe5 Bxh3 16. gxh3 Rfe8 17. Bg3 Qxh3 18. Bd3 Rad8 19. Rhg1 g6 20. Be2
Qe6 21. Rxd8 Rxd8 22. Bf2 Qe5 23. Rd1 Qf4+ 24. Kb1 Rxd1+ 25. Qxd1 Nxc4 26. Qd8+
Kg7 27. Bg3 Qf5+ 28. Bd3 Qe6 29. Qb8 Nd2+ 30. Kc2 Nxf3 31. Qxb7 Nd4+ 32. Kd2
Nd5 33. Bf2 Qe5 34. Bxd4 Qxd4 35. Qa6 Qxb2+ 36. Ke1 Qc3+ 37. Kf2 Nb4 0-1

[Event "18. Copenhagen Open (Politiken Cup)"]
[Site "Brondby"]
[Date "1996.??.??"]
[Round "7"]
[White "Baburin, Alexander"]
[Black "Bogdanovich, Grigory"]
[Result "1-0"]
[WhiteElo "2505"]
[BlackElo "2375"]
[PlyCount "80"]
[EventDate "1996.??.??"]
[EventType "swiss"]
[EventRounds "11"]
[EventCountry "DEN"]
[SourceDate "2004.01.01"]

1. d4 d5 2. c4 c6 3. Nf3 e6 4. Nbd2 Nd7 5. e4 dxe4 6. Nxe4 Ngf6 7. Bd3 c5 8.
Nxf6+ Nxf6 9. dxc5 Bxc5 10. O-O Qc7 11. b4 Be7 12. Bb2 Bd7 13. a3 a5 14. Ne5
Rd8 15. c5 Bc6 16. b5 Bd5 17. Rc1 Bxc5 18. Ng4 Qe7 19. Qe2 Bxa3 20. Bxa3 Qxa3
21. Nxf6+ gxf6 22. Be4 Qe7 23. Bxd5 Rxd5 24. Rc8+ Rd8 25. Rxd8+ Qxd8 26. Rd1
Qc7 27. Qb2 O-O 28. Qxf6 Qc5 29. h3 Qxb5 30. Rd4 h5 31. Rf4 Qb1+ 32. Kh2 Qg6
33. Qe7 b5 34. Rf3 Qh6 35. h4 b4 36. Qc5 Rd8 37. Qe7 Rf8 38. Qa7 b3 39. Qxa5
Rb8 40. Qc7 Qf8 1-0

[Event "18. Copenhagen Open (Politiken Cup)"]
[Site "Brondby"]
[Date "1996.??.??"]
[Round "7"]
[White "Bank, Pelle Rodkjaer"]
[Black "Hillarp Persson, Tiger"]
[Result "0-1"]
[WhiteElo "2230"]
[BlackElo "2410"]
[PlyCount "58"]
[EventDate "1996.??.??"]
[EventType "swiss"]
[EventRounds "11"]
[EventCountry "DEN"]
[SourceDate "2004.01.01"]

1. e4 c5 2. c3 e6 3. d4 Nc6 4. d5 Ne5 5. f4 Ng6 6. c4 e5 7. Nf3 exf4 8. Bd3 d6
9. O-O Be7 10. e5 dxe5 11. Bxg6 hxg6 12. Nxe5 g5 13. Re1 Kf8 14. Nc3 Nf6 15.
Nb5 Kg8 16. a4 a6 17. Nc3 Bd6 18. Qe2 Rxh2 19. Kxh2 Bxe5 20. Qxe5 Ng4+ 21. Kg1
Nxe5 22. Rxe5 Qf6 23. Re8+ Kh7 24. Ne4 Qd4+ 25. Kh2 Kg6 26. Nd6 Bh3 27. Ra3
Rxe8 28. Nxe8 Bd7 29. Nd6 g4 0-1

[Event "18. Copenhagen Open (Politiken Cup)"]
[Site "Brondby"]
[Date "1996.??.??"]
[Round "7"]
[White "Bonnez, Finn"]
[Black "Henrichsen, Jens"]
[Result "1/2-1/2"]
[WhiteElo "2205"]
[BlackElo "2075"]
[PlyCount "88"]
[EventDate "1996.??.??"]
[EventType "swiss"]
[EventRounds "11"]
[EventCountry "DEN"]
[SourceDate "2004.01.01"]

1. d4 Nf6 2. c4 g6 3. Nc3 Bg7 4. e4 d6 5. f3 O-O 6. Be3 e5 7. d5 Nh5 8. Qd2 f5
9. Bg5 Bf6 10. Bxf6 Qxf6 11. O-O-O Nd7 12. g4 fxg4 13. fxg4 Nf4 14. h3 Nc5 15.
Kb1 a5 16. Rh2 Bd7 17. Be2 b6 18. Qe3 Rf7 19. Rf1 Raf8 20. Rhf2 h6 21. Rf3 Qh4
22. Bd1 Ng2 23. Qf2 Qxf2 24. R1xf2 Rxf3 25. Rxf3 Nf4 26. Kc2 Kg7 27. b3 g5 28.
Kd2 Be8 29. Ke3 Bg6 30. Bc2 Rf7 31. Rf2 h5 32. Rf3 hxg4 33. hxg4 Rf8 34. Rg3
Rh8 35. Nf3 Rh1 36. Rg1 Rh3 37. Nb5 Na6 38. a3 Kf6 39. Nc3 Be8 40. Bd1 Nc5 41.
Bc2 Bd7 42. Nd1 Ng6 43. Nf2 Rh8 44. Ne1 Nf4 1/2-1/2

[Event "18. Copenhagen Open (Politiken Cup)"]
[Site "Brondby"]
[Date "1996.??.??"]
[Round "7"]
[White "Borge, Nikolaj"]
[Black "Sobjerg, Erik"]
[Result "1/2-1/2"]
[WhiteElo "2455"]
[BlackElo "2320"]
[PlyCount "102"]
[EventDate "1996.??.??"]
[EventType "swiss"]
[EventRounds "11"]
[EventCountry "DEN"]
[SourceDate "2004.01.01"]

1. e4 e5 2. Nf3 Nc6 3. Bb5 f5 4. Nc3 fxe4 5. Nxe4 Nf6 6. Nxf6+ Qxf6 7. O-O Be7
8. Bxc6 dxc6 9. Qe2 e4 10. Qxe4 Bf5 11. Qa4 O-O 12. d3 Bd6 13. Qd4 Qg6 14. Ne5
Qf6 15. Bf4 Bxd3 16. Qxd3 Qxf4 17. Qc4+ Qxc4 18. Nxc4 Rf4 19. b3 Bb4 20. Rad1
Re8 21. Rd7 Bc5 22. g3 Rf7 23. Rxf7 Kxf7 24. Ne3 Rd8 25. Rd1 Rd6 26. Rd3 Rxd3
27. cxd3 Ke6 28. Kf1 Bd4 29. Ke2 g6 30. Kf3 b5 31. Ke4 Bc3 32. f4 a5 33. g4 a4
34. h3 axb3 35. axb3 Bd2 36. Nc2 c5 37. d4 Kd6 38. f5 gxf5+ 39. gxf5 Bg5 40. d5
c4 41. bxc4 bxc4 42. Na3 c3 43. Nb5+ Kc5 44. Nxc3 Bf6 45. Ne2 c6 46. Nf4 cxd5+
47. Nxd5 Bb2 48. Ne3 Bc3 49. Kf3 Kd6 50. Kg4 Ke5 51. f6 Ke6 1/2-1/2

[Event "18. Copenhagen Open (Politiken Cup)"]
[Site "Brondby"]
[Date "1996.??.??"]
[Round "7"]
[White "Brinck Claussen, Bjorn"]
[Black "Schultz Pedersen, Jesper"]
[Result "1-0"]
[WhiteElo "2380"]
[BlackElo "2215"]
[PlyCount "47"]
[EventDate "1996.??.??"]
[EventType "swiss"]
[EventRounds "11"]
[EventCountry "DEN"]
[SourceDate "2004.01.01"]

1. e4 e5 2. Nf3 f5 3. Nxe5 Nc6 4. Nxc6 dxc6 5. Nc3 Bc5 6. d3 Nf6 7. Be2 O-O 8.
O-O fxe4 9. Nxe4 Nxe4 10. dxe4 Qh4 11. Bf3 Be6 12. Qe2 b5 13. b3 Bd4 14. Rb1
Rf7 15. g3 Qe7 16. Be3 Bc5 17. Bg2 g5 18. Rbd1 Raf8 19. Bxc5 Qxc5 20. Rd3 a5
21. Qd2 a4 22. Rc3 Qe5 23. Rxc6 Bd7 24. Qc3 1-0

[Event "18. Copenhagen Open (Politiken Cup)"]
[Site "Brondby"]
[Date "1996.??.??"]
[Round "7"]
[White "Christensen, Tobias"]
[Black "Furhoff, Johan"]
[Result "1/2-1/2"]
[WhiteElo "2405"]
[BlackElo "2305"]
[PlyCount "81"]
[EventDate "1996.??.??"]
[EventType "swiss"]
[EventRounds "11"]
[EventCountry "DEN"]
[SourceDate "2004.01.01"]

1. Nf3 Nc6 2. e4 e5 3. Nc3 Nf6 4. d4 exd4 5. Nxd4 Bb4 6. Nxc6 bxc6 7. Bd3 d5 8.
exd5 Qe7+ 9. Qe2 Qxe2+ 10. Kxe2 Nxd5 11. Nxd5 cxd5 12. Bf4 c6 13. c3 Be7 14.
Rhe1 Be6 15. Rad1 Kd7 16. c4 Bb4 17. cxd5 Bxd5 18. Bf5+ Ke7 19. Bg5+ Kd6 20.
Bf4+ Ke7 21. Bg5+ Kd6 22. Bd2 Rhe8+ 23. Kf1 Rxe1+ 24. Kxe1 Re8+ 25. Kf1 Bc4+
26. Kg1 Bxd2 27. Rxd2+ Kc5 28. f4 g6 29. Bd7 Re7 30. b3 Bd5 31. Bg4 Re4 32. g3
Re1+ 33. Kf2 Ra1 34. Bf3 a5 35. Bxd5 cxd5 36. Ke3 Re1+ 37. Kd3 Ra1 38. Rc2+ Kd6
39. Rd2 h5 40. Ke3 Re1+ 41. Re2 1/2-1/2

[Event "18. Copenhagen Open (Politiken Cup)"]
[Site "Brondby"]
[Date "1996.??.??"]
[Round "7"]
[White "Djurhuus, Rune"]
[Black "Jelling, Erik"]
[Result "1-0"]
[WhiteElo "2505"]
[BlackElo "2415"]
[PlyCount "53"]
[EventDate "1996.??.??"]
[EventType "swiss"]
[EventRounds "11"]
[EventCountry "DEN"]
[SourceDate "2004.01.01"]

1. e4 c6 2. d4 d5 3. exd5 cxd5 4. c4 Nf6 5. Nc3 e6 6. Nf3 Be7 7. cxd5 Nxd5 8.
Bd3 Nc6 9. O-O O-O 10. Re1 Qd6 11. a3 Rd8 12. Ne4 Qc7 13. g3 Bd7 14. Bb1 Be8
15. Qd3 g6 16. Ba2 Qb6 17. b4 a5 18. b5 Na7 19. a4 Nb4 20. Qd2 Nxa2 21. Rxa2
Rd5 22. Ba3 Qd8 23. Qh6 Bxa3 24. Neg5 Bb4 25. Qxh7+ Kf8 26. Rxe6 fxe6 27. Nxe6#
1-0

[Event "18. Copenhagen Open (Politiken Cup)"]
[Site "Brondby"]
[Date "1996.??.??"]
[Round "7"]
[White "Emms, John"]
[Black "Rozentalis, Eduardas"]
[Result "1/2-1/2"]
[WhiteElo "2500"]
[BlackElo "2605"]
[PlyCount "30"]
[EventDate "1996.??.??"]
[EventType "swiss"]
[EventRounds "11"]
[EventCountry "DEN"]
[SourceDate "2004.01.01"]

1. e4 e5 2. Bc4 Nf6 3. d3 Nc6 4. Nf3 Be7 5. O-O O-O 6. Re1 d6 7. c3 Bg4 8. Nbd2
d5 9. exd5 Nxd5 10. h3 Bh5 11. Ne4 Bg6 12. Bb5 Bd6 13. Qb3 Nb6 14. Bg5 Qd7 15.
Nh4 a6 1/2-1/2

[Event "18. Copenhagen Open (Politiken Cup)"]
[Site "Brondby"]
[Date "1996.??.??"]
[Round "7"]
[White "Eriksson, Ingela S"]
[Black "Hiberg, Nina"]
[Result "0-1"]
[WhiteElo "2095"]
[BlackElo "2290"]
[PlyCount "100"]
[EventDate "1996.??.??"]
[EventType "swiss"]
[EventRounds "11"]
[EventCountry "DEN"]
[SourceDate "2004.01.01"]

1. e4 e5 2. Nf3 Nc6 3. Bc4 Nf6 4. d3 Be7 5. c3 O-O 6. Bg5 d6 7. b4 Bg4 8. Nbd2
Nd7 9. Be3 Kh8 10. h3 Bh5 11. Nf1 Bxf3 12. Qxf3 Nb6 13. Bb3 f5 14. exf5 d5 15.
Bxb6 e4 16. dxe4 dxe4 17. Qxe4 axb6 18. Ne3 Bd6 19. O-O Qf6 20. Rac1 Rae8 21.
Qg4 Ne5 22. Qd1 Rd8 23. Qc2 Qh4 24. Bd5 c6 25. Qe4 Qf6 26. Be6 Nd3 27. Rcd1 Nf4
28. Nc4 Bc7 29. Rxd8 Rxd8 30. Re1 Nd3 31. Rd1 Qxc3 32. g3 b5 33. Ne3 Bb6 34. f6
Qxf6 35. Bf5 Bxe3 36. fxe3 Nb2 37. Rxd8+ Qxd8 38. Bxh7 Qd1+ 39. Kf2 Qd2+ 40.
Kf3 Qd1+ 41. Kf4 Qd6+ 42. Kf3 Nc4 43. Kf2 Qd2+ 44. Kg1 Qe1+ 45. Kh2 Qf2+ 46.
Kh1 Nd2 47. Qd3 Nf3 48. Qd8+ Kxh7 49. Qd3+ g6 50. Qd7+ Kh6 0-1

[Event "18. Copenhagen Open (Politiken Cup)"]
[Site "Brondby"]
[Date "1996.??.??"]
[Round "7"]
[White "Fernandez Siles, Luis"]
[Black "Hoi, Carsten"]
[Result "1/2-1/2"]
[WhiteElo "2270"]
[BlackElo "2435"]
[PlyCount "129"]
[EventDate "1996.??.??"]
[EventType "swiss"]
[EventRounds "11"]
[EventCountry "DEN"]
[SourceDate "2004.01.01"]

1. Nf3 Nf6 2. g3 g6 3. Bg2 Bg7 4. O-O O-O 5. d4 d6 6. Nc3 c6 7. e4 Bg4 8. h3
Bxf3 9. Bxf3 Nbd7 10. Be3 e5 11. Bg2 Qc7 12. a4 a5 13. Qd2 Rfe8 14. Rad1 Rad8
15. Rfe1 exd4 16. Bxd4 Nf8 17. Qe3 N6d7 18. Bxg7 Kxg7 19. Qd4+ Nf6 20. f4 Ne6
21. Qf2 Nd7 22. b3 f6 23. Rd2 Ndc5 24. Red1 Qe7 25. Re1 Qc7 26. Nd1 Nf8 27.
Rde2 Qb6 28. Nb2 Qb4 29. Kh2 Nfe6 30. Rd1 b5 31. f5 Ng5 32. Rd4 Qa3 33. Nd3
Nxd3 34. Rxd3 Nf7 35. axb5 cxb5 36. Rd5 Qb4 37. Red2 Rb8 38. Qa7 Red8 39. e5
Ra8 40. exf6+ Kxf6 41. Qf2 Kg7 42. fxg6 hxg6 43. R5d4 Qc5 44. Bxa8 Rxa8 45. Rf4
Qxf2+ 46. Rfxf2 a4 47. bxa4 bxa4 48. Rf1 Ra6 49. Kg2 Ne5 50. Rd4 a3 51. Ra1 Kf6
52. h4 Ke6 53. g4 Nc6 54. Re1+ Kd7 55. Rf4 a2 56. Ra1 Ke6 57. h5 g5 58. Rf3 Ne5
59. Re3 Kf6 60. h6 Kg6 61. Rh3 Kh7 62. Rh5 Nxg4 63. Kf3 Ne5+ 64. Ke4 g4 65. Rh2
1/2-1/2

[Event "18. Copenhagen Open (Politiken Cup)"]
[Site "Brondby"]
[Date "1996.??.??"]
[Round "7"]
[White "Fries Nielsen, Jens Ove"]
[Black "Aagaard, Jacob"]
[Result "1/2-1/2"]
[WhiteElo "2420"]
[BlackElo "2290"]
[PlyCount "70"]
[EventDate "1996.??.??"]
[EventType "swiss"]
[EventRounds "11"]
[EventCountry "DEN"]
[SourceDate "2004.01.01"]

1. d4 Nf6 2. Nf3 e6 3. c4 b6 4. e3 Bb7 5. Bd3 c5 6. O-O Be7 7. b3 O-O 8. Bb2
cxd4 9. exd4 d5 10. Nbd2 Nc6 11. Qe2 Rc8 12. Rfd1 Nb4 13. Bb1 Ba6 14. Ne5 Nd7
15. a3 Nc6 16. Nxc6 Rxc6 17. Bd3 Bf6 18. Nf1 Re8 19. Ne3 Nf8 20. Qf3 Rd6 21.
Ng4 dxc4 22. Qg3 Rd7 23. bxc4 Bh4 24. Qe3 Ng6 25. g3 f5 26. gxh4 fxg4 27. Bxg6
hxg6 28. Rac1 Bb7 29. Re1 Bf3 30. Qg5 Qxg5 31. hxg5 Kf7 32. Re3 Rc8 33. a4 Rdc7
34. Rec3 Be2 35. c5 Bf3 1/2-1/2

[Event "18. Copenhagen Open (Politiken Cup)"]
[Site "Brondby"]
[Date "1996.??.??"]
[Round "7"]
[White "Guglielmi, Riccardo"]
[Black "Henriksen, Bo"]
[Result "0-1"]
[WhiteElo "2200"]
[BlackElo "2080"]
[PlyCount "86"]
[EventDate "1996.??.??"]
[EventType "swiss"]
[EventRounds "11"]
[EventCountry "DEN"]
[SourceDate "2004.01.01"]

1. e4 c5 2. b4 cxb4 3. d4 d5 4. e5 Bf5 5. a3 Qc7 6. Bb5+ Nd7 7. Ba4 Rc8 8. Ra2
b5 9. Bb3 e6 10. axb4 Bxb4+ 11. Bd2 Bxd2+ 12. Qxd2 Ne7 13. Ne2 O-O 14. O-O f6
15. f4 Qb6 16. Qe3 Bg4 17. c3 Nf5 18. Qf2 fxe5 19. dxe5 Nc5 20. Bd1 Ne4 21.
Qxb6 axb6 22. h3 Bxe2 23. Bxe2 Nfg3 24. Bg4 Rc6 25. Re1 h5 26. Bf3 Rxf4 27. Ra7
Rf7 28. Ra8+ Rf8 29. Ra7 Rfc8 30. Ra1 Nxc3 31. Nxc3 Rxc3 32. h4 g6 33. Reb1 Nf5
34. Be2 Nd4 35. Bf1 b4 36. Ra6 b3 37. Rxb6 Rc1 38. Rb2 R8c2 39. R2xb3 Nxb3 40.
Rxb3 Re2 41. Rg3 Rxe5 42. Rxg6+ Kf7 43. Rg3 Rf5 0-1

[Event "18. Copenhagen Open (Politiken Cup)"]
[Site "Brondby"]
[Date "1996.??.??"]
[Round "7"]
[White "Guindy, Esmat"]
[Black "Varberg, Kenneth"]
[Result "0-1"]
[WhiteElo "2060"]
[BlackElo "2230"]
[PlyCount "78"]
[EventDate "1996.??.??"]
[EventType "swiss"]
[EventRounds "11"]
[EventCountry "DEN"]
[SourceDate "2004.01.01"]

1. d4 d5 2. c4 c6 3. Nc3 e6 4. Nf3 dxc4 5. a4 Bb4 6. e3 b5 7. Bd2 Bxc3 8. Bxc3
Nf6 9. axb5 cxb5 10. b3 a5 11. bxc4 Ne4 12. Bb2 b4 13. Bd3 Bb7 14. O-O O-O 15.
Nd2 Nxd2 16. Qxd2 Nd7 17. Rfc1 Qc7 18. Bc2 Rfb8 19. Qd3 g6 20. e4 Rd8 21. Qe2
e5 22. d5 Nc5 23. Ba4 Bc8 24. Bc6 Ra6 25. Qe3 Rxc6 26. dxc6 Nd3 27. Rcb1 Nxb2
28. Rxb2 Qxc6 29. h3 Qxc4 30. Rxa5 Be6 31. Rc5 Rd1+ 32. Kh2 Qf1 33. Rxb4 Qh1+
34. Kg3 Rg1 35. Kh4 Rxg2 36. Qf3 Rg4+ 37. Qxg4 Bxg4 38. Kg5 Kg7 39. Rb7 Qxh3
0-1

[Event "18. Copenhagen Open (Politiken Cup)"]
[Site "Brondby"]
[Date "1996.??.??"]
[Round "7"]
[White "Hansen, Lars"]
[Black "Ksieski, Zbigniew"]
[Result "1-0"]
[WhiteElo "2250"]
[BlackElo "2400"]
[PlyCount "71"]
[EventDate "1996.??.??"]
[EventType "swiss"]
[EventRounds "11"]
[EventCountry "DEN"]
[SourceDate "2004.01.01"]

1. e4 c5 2. Nc3 e6 3. Nf3 d6 4. g3 Nc6 5. Bg2 Nf6 6. O-O Be7 7. d3 O-O 8. Re1
e5 9. h3 Nd4 10. Nh2 Ne8 11. Nd5 Bg5 12. f4 exf4 13. gxf4 Bh4 14. Rf1 f5 15. c3
Ne6 16. Qh5 N8c7 17. Nxc7 Nxc7 18. Be3 Be7 19. Rfe1 Bd7 20. Rad1 Bh4 21. Re2
Be8 22. Qf3 Bc6 23. Bc1 Qe7 24. Qe3 Rae8 25. Nf3 fxe4 26. Nxh4 exd3 27. Qxe7
dxe2 28. Qxf8+ Kxf8 29. Re1 Bxg2 30. Nxg2 Nd5 31. Kf2 Nf6 32. Rxe2 Ne4+ 33. Kf3
d5 34. c4 Rd8 35. cxd5 Nf6 36. Ne3 1-0

[Event "18. Copenhagen Open (Politiken Cup)"]
[Site "Brondby"]
[Date "1996.??.??"]
[Round "7"]
[White "Harestad, Hans"]
[Black "Olsen, Heini"]
[Result "1/2-1/2"]
[WhiteElo "2145"]
[BlackElo "2325"]
[PlyCount "96"]
[EventDate "1996.??.??"]
[EventType "swiss"]
[EventRounds "11"]
[EventCountry "DEN"]
[SourceDate "2004.01.01"]

1. d4 f5 2. c4 Nf6 3. g3 e6 4. Bg2 d5 5. Nf3 c6 6. O-O Bd6 7. b3 Qe7 8. Bb2 b6
9. Nbd2 Bb7 10. Ne1 O-O 11. Nd3 Nbd7 12. Rc1 Rac8 13. Nf3 Ne4 14. Nfe5 Bxe5 15.
dxe5 Rfd8 16. Qc2 Qe8 17. e3 a5 18. Rfd1 Ba6 19. f3 Nec5 20. Nxc5 Nxc5 21. Ba3
Qe7 22. Qb2 b5 23. cxb5 cxb5 24. b4 Na4 25. Qd4 Rc4 26. Rxc4 bxc4 27. b5 Qxa3
28. bxa6 Qb4 29. a3 Qc5 30. Qxc5 Nxc5 31. Bf1 Ra8 32. Rb1 Rxa6 33. Rb8+ Kf7 34.
Rc8 Nd7 35. Rc7 Ke8 36. e4 fxe4 37. fxe4 Kd8 38. Rb7 Nxe5 39. exd5 exd5 40.
Rxg7 Rd6 41. Kf2 d4 42. Rg5 Rd5 43. Bxc4 Nd3+ 44. Bxd3 Rxg5 45. Kf3 Rg7 46. Ke4
Rd7 47. g4 Kc7 48. g5 Kd8 1/2-1/2

[Event "18. Copenhagen Open (Politiken Cup)"]
[Site "Brondby"]
[Date "1996.??.??"]
[Round "7"]
[White "Hartvig, Ove Weiss"]
[Black "Gabrielsen, Stig"]
[Result "0-1"]
[WhiteElo "2300"]
[BlackElo "2175"]
[PlyCount "70"]
[EventDate "1996.??.??"]
[EventType "swiss"]
[EventRounds "11"]
[EventCountry "DEN"]
[SourceDate "2004.01.01"]

1. e4 g6 2. f4 Bg7 3. Nf3 c5 4. Nc3 Nc6 5. g3 d6 6. Bg2 e6 7. O-O Nge7 8. d3
O-O 9. Be3 b6 10. d4 cxd4 11. Nxd4 Ba6 12. Rf2 Na5 13. f5 Nc4 14. Bc1 Bxd4 15.
Qxd4 e5 16. Qd3 Qc8 17. f6 Nc6 18. b3 N4a5 19. Qe3 Kh8 20. Nd5 Nd4 21. c3 Ne6
22. Ba3 Nb7 23. Qh6 Rg8 24. Bh3 Nbc5 25. Ne7 Qc7 26. Nxg8 Rxg8 27. b4 Nxe4 28.
Bxe6 Nxf2 29. Bb3 Ng4 30. Qd2 Nxf6 31. b5 Ne4 32. Qd3 Bb7 33. Rd1 Rd8 34. Rf1
f5 35. Bb2 Qc5+ 0-1

[Event "18. Copenhagen Open (Politiken Cup)"]
[Site "Brondby"]
[Date "1996.??.??"]
[Round "7"]
[White "Holmsgaard, Henrik"]
[Black "Thorfinnsson, Bragi"]
[Result "1/2-1/2"]
[WhiteElo "2290"]
[BlackElo "2155"]
[PlyCount "39"]
[EventDate "1996.??.??"]
[EventType "swiss"]
[EventRounds "11"]
[EventCountry "DEN"]
[SourceDate "2004.01.01"]

1. d4 Nf6 2. c4 e6 3. g3 d5 4. Bg2 c6 5. Qc2 Bd6 6. Nf3 Nbd7 7. O-O O-O 8. Nbd2
Re8 9. Rd1 Qe7 10. e4 Nxe4 11. Nxe4 dxe4 12. Qxe4 e5 13. Bg5 f6 14. Be3 exd4
15. Qxe7 Bxe7 16. Bxd4 Nf8 17. Re1 Be6 18. b3 a5 19. a4 Bb4 20. Re3 1/2-1/2

[Event "18. Copenhagen Open (Politiken Cup)"]
[Site "Brondby"]
[Date "1996.??.??"]
[Round "7"]
[White "Hutters, Tomas"]
[Black "Ostergaard, Jens"]
[Result "1-0"]
[WhiteElo "2435"]
[BlackElo "2300"]
[PlyCount "125"]
[EventDate "1996.??.??"]
[EventType "swiss"]
[EventRounds "11"]
[EventCountry "DEN"]
[SourceDate "2004.01.01"]

1. d4 Nf6 2. c4 e6 3. g3 c5 4. Nf3 cxd4 5. Nxd4 d5 6. Bg2 Nc6 7. O-O Be7 8. Nc3
O-O 9. cxd5 exd5 10. Be3 Bg4 11. h3 Bh5 12. Qa4 Qd7 13. Rfd1 Bb4 14. Nxd5 Nxd5
15. Nxc6 Qxc6 16. Qb3 Bxe2 17. Rdc1 Qd7 18. Qxd5 Qxd5 19. Bxd5 Ba6 20. Rc7 Ba5
21. Re7 Bd8 22. Rd7 Bf6 23. Bxb7 Bxb7 24. Rxb7 Rfb8 25. Rxb8+ Rxb8 26. Rb1 a6
27. b3 Kf8 28. Rc1 Bd8 29. Rc6 Ra8 30. Bb6 Ke8 31. Bxd8 Kxd8 32. Kf1 Kd7 33.
Rc4 Kd6 34. Ke2 h5 35. h4 g6 36. Kd3 Ra7 37. b4 Re7 38. Rc5 f5 39. Rc4 Re1 40.
Rc3 Rd1+ 41. Ke3 Ra1 42. Ra3 Re1+ 43. Kf3 Rb1 44. Rxa6+ Ke5 45. Ra5+ Kd4 46. a3
Rb2 47. Ra8 Ke5 48. Re8+ Kd5 49. Ke3 Rb3+ 50. Kf4 Rxa3 51. Rg8 Ra6 52. Kg5 Ra2
53. f3 Ra3 54. Kf4 Ra6 55. b5 Ra4+ 56. Kg5 Ra3 57. b6 Rb3 58. Kxg6 Rxf3 59. b7
Rxg3+ 60. Kf7 Rb3 61. b8=Q Rxb8 62. Rxb8 f4 63. Kg6 1-0

[Event "18. Copenhagen Open (Politiken Cup)"]
[Site "Brondby"]
[Date "1996.??.??"]
[Round "7"]
[White "Johansen, Terje"]
[Black "Kosebay, Osman"]
[Result "1/2-1/2"]
[WhiteElo "2375"]
[BlackElo "2220"]
[PlyCount "127"]
[EventDate "1996.??.??"]
[EventType "swiss"]
[EventRounds "11"]
[EventCountry "DEN"]
[SourceDate "2004.01.01"]

1. d4 Nf6 2. c4 g6 3. Nc3 d5 4. Nf3 Bg7 5. Qb3 dxc4 6. Qxc4 O-O 7. e4 a6 8. e5
b5 9. Qb3 Ng4 10. h3 Nh6 11. Bd3 Bf5 12. Ne4 Nc6 13. Be3 Be6 14. Qc3 Bd5 15.
Nc5 f5 16. Ng5 f4 17. Nge6 fxe3 18. Nxd8 exf2+ 19. Kf1 Raxd8 20. Ne6 Nxe5 21.
Nxf8 Nxd3 22. Qxd3 Bc4 23. Qxc4+ bxc4 24. Ne6 Rb8 25. Nxg7 Rxb2 26. g4 Kxg7 27.
Rh2 Rd2 28. Rxf2 Rxd4 29. Re1 Ng8 30. Rc2 Nf6 31. Rxe7+ Kh6 32. Rg2 Kg5 33. h4+
Kxh4 34. g5 Nh5 35. Rxc7 Ng3+ 36. Ke1 Re4+ 37. Kd1 Kh3 38. Rc2 Nf5 39. Rc3+ Kg4
40. Rxh7 Ne3+ 41. Kd2 Nd5 42. Rc1 Kxg5 43. Rg1+ Kf6 44. Ra7 c3+ 45. Kd3 Ra4 46.
Rf1+ Ke5 47. Re1+ Kd6 48. Rg7 Rxa2 49. Rxg6+ Kc5 50. Rg5 Rd2+ 51. Ke4 Kc4 52.
Rc1 a5 53. Rg6 Rd4+ 54. Kf3 Nb4 55. Rg5 Rd5 56. Rxd5 Nxd5 57. Ra1 c2 58. Ke2
Kc3 59. Rxa5 Nf4+ 60. Kf3 Nd3 61. Ra1 Kb2 62. Rh1 Kc3 63. Ke3 Nb2 64. Rc1
1/2-1/2

[Event "18. Copenhagen Open (Politiken Cup)"]
[Site "Brondby"]
[Date "1996.??.??"]
[Round "7"]
[White "Kania, Andreas"]
[Black "Thorfinnsson, Bjorn"]
[Result "1/2-1/2"]
[WhiteElo "2275"]
[BlackElo "2060"]
[PlyCount "67"]
[EventDate "1996.??.??"]
[EventType "swiss"]
[EventRounds "11"]
[EventCountry "DEN"]
[SourceDate "2004.01.01"]

1. d4 Nf6 2. c4 e6 3. Nf3 b6 4. g3 Ba6 5. b3 Bb4+ 6. Bd2 Be7 7. Bg2 c6 8. O-O
O-O 9. Bc3 d5 10. Nbd2 Nbd7 11. Re1 c5 12. e4 dxe4 13. Ne5 Bb7 14. Nxd7 Qxd7
15. dxc5 bxc5 16. Nxe4 Qxd1 17. Raxd1 Bxe4 18. Bxe4 Nxe4 19. Rxe4 Rfd8 20. Ree1
Rxd1 21. Rxd1 Rd8 22. Re1 Rd3 23. Ba5 Kf8 24. Kf1 Bf6 25. Re2 Ke7 26. Rd2 Rxd2
27. Bxd2 Bd4 28. Ke2 e5 29. f3 Kd6 30. h3 g6 31. g4 f5 32. Kd3 Kc6 33. Bh6 Kd7
34. Bc1 1/2-1/2

[Event "18. Copenhagen Open (Politiken Cup)"]
[Site "Brondby"]
[Date "1996.??.??"]
[Round "7"]
[White "Koskinen, Henri"]
[Black "Jakobsen, Ole"]
[Result "0-1"]
[WhiteElo "2230"]
[BlackElo "2390"]
[PlyCount "98"]
[EventDate "1996.??.??"]
[EventType "swiss"]
[EventRounds "11"]
[EventCountry "DEN"]
[SourceDate "2004.01.01"]

1. Nf3 Nf6 2. d4 g6 3. g3 Bg7 4. Bg2 O-O 5. O-O d5 6. c4 dxc4 7. Na3 Nc6 8.
Nxc4 Be6 9. b3 Bd5 10. Bb2 a5 11. Ne3 Be4 12. Ne5 Bxg2 13. Kxg2 Nd5 14. Nxc6
Nxe3+ 15. fxe3 Qd5+ 16. Rf3 Qxc6 17. Rc1 Qd7 18. Qc2 c6 19. Rcf1 Qe6 20. Ba3 b5
21. Qc5 b4 22. Bb2 f5 23. Rc1 Rfc8 24. Rc2 h5 25. Bc1 Qe4 26. Qc4+ e6 27. Qd3
Qd5 28. Rc5 Qd7 29. Rf1 Bf8 30. Rc4 Qd5+ 31. Kg1 Ra7 32. Qc2 Bd6 33. e4 fxe4
34. Bf4 Bf8 35. e3 Rf7 36. h4 c5 37. Rd1 Rd8 38. Rc1 Qf5 39. Bg5 Rd5 40. dxc5
Qf3 41. Bf4 e5 42. Rf1 Qg4 43. Qxe4 Rd2 44. Rf2 Rxf2 45. Kxf2 exf4 46. exf4 Re7
47. Qd3 Qe6 48. Rc1 Rc7 49. Qd4 Qc6 0-1